Terraria Calamity Mod Armor Sets - Statistics

General Stats
  • This quiz has been taken 10 times
  • The average score is 14 of 31
Answer Stats
Answer % Correct
Auric Tesla
100%
Bloodflare
75%
Tarragon
75%
Wulfrum
75%
God Slayer
63%
Silva
63%
Aerospec
50%
Brimflame
50%
Daedalus
50%
Demonshade
50%
Desert Prowler
50%
Hydrothermic
50%
Plaguebringer
50%
Statigel
50%
Astral
38%
Empyrean
38%
Fathom Swarmer
38%
Fearmonger
38%
Omega Blue
38%
Prismatic
38%
Reaver
38%
Snow Ruffian
38%
Victide
38%
Gem Tech
25%
Lunic Corps
25%
Mollusk
25%
Plague Reaper
25%
Sulphurous
25%
Titan Heart
25%
Umbraphile
25%
Marnite Architect
13%
No matching quizzes found
Score Distribution
Percent of People with Each Score
Percentile by Number Answered
Your Score History
You have not taken this quiz